[Event "32. Kieler Open 2019 B-Open"]
[Site "Kiel"]
[Date "2019.07.27"]
[Round "1.1"]
[White "Gerull, Dirk"]
[Black "Christensen, Mats"]
[Result "1/2-1/2"]
[WhiteElo "1815"]
[BlackElo "1543"]
[Annotator "MB"]
[PlyCount "35"]
[EventDate "2019.??.??"]

1. d4 Nf6 2. Bf4 d5 3. e3 g6 4. c3 Bg7 5. Nf3 O-O 6. Nbd2 c5 7. Be2 Bf5 8. Ne5
Nbd7 9. g4 Be6 10. h4 Qc8 11. g5 Nxe5 12. gxf6 exf6 13. dxe5 fxe5 14. Bg3 f5
15. Nf3 f4 16. exf4 exf4 17. Bh2 Qc6 18. Qd2 1/2-1/2

[Event "32. Kieler Open 2019 B-Open"]
[Site "Kiel"]
[Date "2019.07.27"]
[Round "1.2"]
[White "Woltmann, Peter"]
[Black "Hentrop, Malte"]
[Result "1/2-1/2"]
[WhiteElo "1523"]
[BlackElo "1805"]
[Annotator "MB"]
[PlyCount "59"]
[EventDate "2019.??.??"]

1. e4 e5 2. Nf3 Nc6 3. d4 exd4 4. Bc4 Be7 5. O-O d6 6. c3 d3 7. Re1 Nf6 8. e5
Nxe5 9. Nxe5 dxe5 10. Rxe5 O-O 11. Bg5 h6 12. Bh4 Bd6 13. Re3 Bf5 14. Na3 g5
15. Bg3 Bc5 16. Re5 Bg4 17. Qxd3 Qxd3 18. Bxd3 Bxa3 19. bxa3 Rad8 20. Bc4 Rfe8
21. f3 Bh5 22. Rf5 Nd7 23. h4 Bg6 24. Rd5 Nb6 25. Rxd8 Rxd8 26. Bb3 c6 27. Re1
Kf8 28. hxg5 hxg5 29. Re5 Rd3 30. Rxg5 1/2-1/2

[Event "32. Kieler Open 2019 B-Open"]
[Site "Kiel"]
[Date "2019.07.27"]
[Round "1.3"]
[White "von Koschitzky, Tilo"]
[Black "Sowa, Uwe"]
[Result "1-0"]
[WhiteElo "1774"]
[BlackElo "1520"]
[Annotator "MB"]
[PlyCount "89"]
[EventDate "2019.??.??"]

1. d4 e6 2. c4 b6 3. Nc3 Bb4 4. Bd2 Bb7 5. f3 f5 6. a3 Bxc3 7. Bxc3 Nf6 8. Nh3
O-O 9. Nf2 Qe8 10. Qc2 d6 11. O-O-O Nbd7 12. e4 fxe4 13. fxe4 d5 14. e5 Ne4 15.
Nh3 Qg6 16. cxd5 Bxd5 17. Bd3 c5 18. Rhe1 Qh6+ 19. Bd2 Qh4 20. Bxe4 cxd4 21.
Bxd5 exd5 22. Qb3 Rac8+ 23. Kb1 Nc5 24. Qxd5+ Kh8 25. Bg5 Qg4 26. Rxd4 Qf5+ 27.
Ka2 Ne6 28. Rf4 Nxf4 29. Bxf4 Rfd8 30. Qe4 Qe6+ 31. Kb1 h6 32. Bc1 g5 33. Nf2
Rc4 34. Qe2 Rdc8 35. Qd3 b5 36. Bd2 Qb6 37. Qe3 Qb7 38. Ne4 Qh7 39. Ka1 Rc2 40.
Bc3 R8xc3 41. Nxc3 Rxg2 42. Re2 Qb7 43. e6 Rxe2 44. Qxe2 Qh1+ 45. Ka2 1-0

[Event "32. Kieler Open 2019 B-Open"]
[Site "Kiel"]
[Date "2019.07.27"]
[Round "1.4"]
[White "Pick, Max"]
[Black "Götz, Dirk"]
[Result "1/2-1/2"]
[WhiteElo "1515"]
[BlackElo "1766"]
[Annotator "MB"]
[PlyCount "47"]
[EventDate "2019.??.??"]

1. Nf3 Nf6 2. c4 c5 3. g3 b6 4. Bg2 Bb7 5. Nc3 e6 6. d3 Be7 7. O-O O-O 8. Bf4
d6 9. a3 a6 10. Qc2 Nbd7 11. Rad1 Qc7 12. b3 Rac8 13. Rfe1 Rfe8 14. h3 Qb8 15.
g4 Nf8 16. Bg3 Ng6 17. e3 Qa8 18. e4 Nd7 19. Re2 Bc6 20. Ne1 b5 21. f4 b4 22.
axb4 cxb4 23. Na2 Qb7 24. d4 1/2-1/2

[Event "32. Kieler Open 2019 B-Open"]
[Site "Kiel"]
[Date "2019.07.27"]
[Round "1.5"]
[White "Plichta, Hans-Reiner"]
[Black "Solodky, Willy"]
[Result "1-0"]
[Annotator "MB"]
[WhiteElo "1765"]
[BlackElo "1483"]
[PlyCount "55"]
[EventDate "2019.??.??"]

1. d4 d5 2. c4 e6 3. Nf3 Nf6 4. Bg5 c6 5. e3 Nbd7 6. Be2 Be7 7. O-O h6 8. Bh4
O-O 9. Nc3 Re8 10. a4 Bd6 11. e4 dxe4 12. Nxe4 Be7 13. Nc3 Qc7 14. Rc1 Bd6 15.
d5 e5 16. dxc6 bxc6 17. Bg3 Bc5 18. Qc2 Nh5 19. Ne4 Nxg3 20. Nxg3 Nf6 21. Ne4
Nxe4 22. Qxe4 f5 23. Qc2 Qe7 24. Rcd1 a5 25. Nd2 Bb4 26. Nb3 Qf6 27. c5 Ba6 28.
Bxa6 1-0

[Event "32. Kieler Open 2019 B-Open"]
[Site "Kiel"]
[Date "2019.07.27"]
[Round "1.6"]
[White "Schwerdt, Anton Gabriel"]
[Black "Eberhardt, Michael"]
[Result "1-0"]
[Annotator "MB"]
[WhiteElo "1455"]
[BlackElo "1761"]
[PlyCount "117"]
[EventDate "2019.??.??"]

1. e4 d5 2. exd5 Nf6 3. Nf3 Qxd5 4. Nc3 Qd6 5. Be2 Nc6 6. d3 Bg4 7. h3 Bh5 8.
Bd2 O-O-O 9. Qc1 e5 10. Bg5 Be7 11. Qd2 Rhe8 12. O-O-O Qb4 13. Rhe1 h6 14. Bxf6
Bxf6 15. Ne4 Qb6 16. Nxf6 gxf6 17. Qxh6 Bg6 18. Qe3 Qa5 19. a3 e4 20. dxe4
Rxd1+ 21. Rxd1 Rxe4 22. Qd2 Qxd2+ 23. Rxd2 Ne5 24. Nxe5 fxe5 25. Kd1 Rf4 26.
Bg4+ f5 27. Bf3 Rc4 28. Be2 Rc6 29. h4 Rd6 30. Rxd6 cxd6 31. Kd2 Kc7 32. f3 d5
33. g4 Kd6 34. c3 b6 35. b4 Ke6 36. Ba6 Kf6 37. Bb7 Bf7 38. Bc6 e4 39. Ke3 Ke5
40. gxf5 exf3 41. Kxf3 Kxf5 42. Ke3 Ke5 43. Bd7 Bh5 44. Bh3 Kd6 45. Kd4 Bf3 46.
c4 dxc4 47. Kxc4 Kc6 48. Bf5 Bh5 49. Be4+ Kc7 50. Kd5 a6 51. Ke5 b5 52. Kf5 Kb6
53. Kg5 Be8 54. h5 Bxh5 55. Kxh5 a5 56. Kg5 axb4 57. axb4 Kc7 58. Kf5 Kd6 59.
Bf3 1-0

[Event "32. Kieler Open 2019 B-Open"]
[Site "Kiel"]
[Date "2019.07.27"]
[Round "1.7"]
[White "Behrendt, Matthias"]
[Black "Tran, Duc Huy"]
[Result "1-0"]
[Annotator "MB"]
[WhiteElo "1747"]
[BlackElo "1451"]
[PlyCount "85"]
[EventDate "2019.??.??"]

1. d4 c6 2. Nf3 d5 3. e3 Nf6 4. Bd3 e6 5. Nbd2 Bd6 6. b3 Nbd7 7. Bb2 Qc7 8. Qe2
b5 9. c4 bxc4 10. bxc4 O-O 11. O-O Ba6 12. c5 Bxd3 13. Qxd3 Be7 14. Bc3 Rfe8
15. a4 Rab8 16. a5 a6 17. Rfb1 Rb5 18. Rxb5 axb5 19. a6 Ra8 20. Ba5 Qc8 21. e4
Rxa6 22. e5 Nh5 23. g4 Nf4 24. Qe3 Ng6 25. g5 Qa8 26. Nb3 Bd8 27. Qe1 Nf4 28.
Bxd8 Rxa1 29. Qxa1 Qxd8 30. h4 Ng6 31. Kg2 Ndf8 32. Qa6 Qc7 33. Na5 Ne7 34. Nb7
Nd7 35. Nd6 Ng6 36. Kg3 f6 37. h5 Ngf8 38. gxf6 gxf6 39. Ne8 Qd8 40. Nd6 Qc7
41. Qa1 fxe5 42. Kh3 e4 43. Qg1+ 1-0

[Event "32. Kieler Open 2019 B-Open"]
[Site "Kiel"]
[Date "2019.07.27"]
[Round "1.8"]
[White "Diederichs, Karl"]
[Black "Sowa, Kay"]
[Result "0-1"]
[Annotator "MB"]
[WhiteElo "1445"]
[BlackElo "1729"]
[PlyCount "118"]
[EventDate "2019.??.??"]

1. d4 Nf6 2. Nf3 g6 3. Nc3 c5 4. e3 Bg7 5. Be2 O-O 6. Bd2 Nc6 7. a3 b6 8. d5
Nb8 9. e4 d6 10. h4 e6 11. Bg5 h6 12. Bxf6 Bxf6 13. Qd2 Bg7 14. O-O-O e5 15.
Rdg1 Ba6 16. g4 Bxe2 17. Nxe2 b5 18. Ng3 Nd7 19. h5 g5 20. Nf5 b4 21. axb4 cxb4
22. Rg2 Qa5 23. Kb1 Qd8 24. Rgh2 Nc5 25. Re1 a5 26. Nxg7 Kxg7 27. Re3 f6 28.
Ne1 b3 29. Re2 a4 30. Nd3 a3 31. Nxc5 dxc5 32. cxb3 c4 33. Qb4 cxb3 34. bxa3
Qd7 35. f3 Rfb8 36. Qc5 Rc8 37. Qb4 Qc7 38. Rh1 Rcb8 39. Rc1 Qxc1+ 40. Kxc1
Rxb4 41. axb4 Ra1+ 42. Kb2 Ra2+ 43. Kxb3 Rxe2 44. Kc4 Rc2+ 45. Kb5 Kf7 46. Kb6
Ke7 47. b5 Kd6 48. Kb7 Kc5 49. Kc7 Kxb5+ 50. Kd7 Kc5 51. Ke7 Rd2 52. Kxf6 Kd6
53. Kg6 Rf2 54. Kxh6 Rxf3 55. Kg7 Rf4 56. h6 Rxg4 57. Kg6 Rxe4 58. Kxg5 Re1 59.
h7 Rh1 0-1

[Event "32. Kieler Open 2019 B-Open"]
[Site "Kiel"]
[Date "2019.07.27"]
[Round "1.9"]
[White "Schulze, Lukas"]
[Black "Hogreve, Holger"]
[Result "1-0"]
[Annotator "MB"]
[WhiteElo "1724"]
[BlackElo "1434"]
[PlyCount "53"]
[EventDate "2019.??.??"]
[WhiteTeam "SK Lehrte"]
[BlackTeam " Eckernförder SC"]

1. Nf3 g6 2. c4 Bg7 3. d4 c5 4. b3 Nc6 5. Bb2 d6 6. g3 Qb6 7. e3 cxd4 8. exd4
Bg4 9. Bg2 Nxd4 10. Kf1 e5 11. Qd3 Bf5 12. Qd2 Nc2 13. g4 Nxa1 14. gxf5 Nxb3
15. axb3 gxf5 16. Qc2 Ne7 17. Nbd2 Rd8 18. Rg1 Bh6 19. Bh3 f4 20. Nh4 Ng6 21.
Nf5 Bf8 22. Qe4 Qc6 23. Qe2 h6 24. Qh5 b5 25. Bg2 Qb6 26. Ne4 bxc4 27. Nf6# 1-0

[Event "32. Kieler Open 2019 B-Open"]
[Site "Kiel"]
[Date "2019.07.27"]
[Round "1.10"]
[White "Lawrenz, Norbert"]
[Black "Zielke, Bernd"]
[Result "1-0"]
[Annotator "MB"]
[WhiteElo "1434"]
[BlackElo "1707"]
[PlyCount "79"]
[EventDate "2019.??.??"]
[WhiteTeam "Zitadelle Spandau"]
[BlackTeam "Kieler SG"]

1. d4 f5 2. Bf4 d6 3. e3 Nf6 4. Nd2 g6 5. h3 Bg7 6. Ngf3 O-O 7. c3 c6 8. Be2
Re8 9. Qc2 Qc7 10. c4 b6 11. c5 bxc5 12. dxc5 Nbd7 13. Nb3 e5 14. cxd6 Qxd6 15.
Rd1 Qc7 16. Bc4+ Kh8 17. Bh2 Ne4 18. Bd5 Bb7 19. Bxe4 fxe4 20. Ng5 Nf6 21. O-O
Rac8 22. Nc5 Re7 23. Nce6 Qb8 24. Nxg7 Kxg7 25. Nxe4 Nxe4 26. Qxe4 c5 27. Qc4
Qc7 28. Rd2 Qb6 29. Qc3 Kh6 30. Rfd1 Rc6 31. Bxe5 Rce6 32. f4 Be4 33. Rd6 Qb7
34. Qd2 c4 35. Rxe6 Rxe6 36. Qf2 Qe7 37. g4 Bd3 38. g5+ Kh5 39. Qf3+ Kh4 40.
Qg4# 1-0

[Event "32. Kieler Open 2019 B-Open"]
[Site "Kiel"]
[Date "2019.07.27"]
[Round "1.11"]
[White "Gerigk, Daniel"]
[Black "Plöger, Elke"]
[Result "1-0"]
[Annotator "MB"]
[WhiteElo "1701"]
[BlackElo "1424"]
[PlyCount "65"]
[EventDate "2019.??.??"]

1. e4 e5 2. Nf3 Nc6 3. Bb5 Nf6 4. O-O a6 5. Bc4 h6 6. c3 Be7 7. Qe2 O-O 8. d4
d6 9. Rd1 Bg4 10. h3 Bxf3 11. Qxf3 Qc8 12. Be3 Na5 13. Bd3 b5 14. Nd2 exd4 15.
cxd4 c5 16. Rac1 c4 17. e5 dxe5 18. dxe5 Nh7 19. Be4 Rb8 20. Bf5 Qe8 21. Qg4
Rb7 22. Bxh6 Bg5 23. Bxg5 Qxe5 24. Nf3 Nf6 25. Nxe5 Nxg4 26. Nxg4 f6 27. Be6+
Kh7 28. Bf4 Nc6 29. b3 Ne5 30. Nxe5 fxe5 31. Bxe5 Re7 32. Rd6 cxb3 33. axb3 1-0

[Event "32. Kieler Open 2019 B-Open"]
[Site "Kiel"]
[Date "2019.07.27"]
[Round "1.12"]
[White "Malinowsky, Levi"]
[Black "Stieber, Mike"]
[Result "1/2-1/2"]
[Annotator "MB"]
[WhiteElo "1418"]
[BlackElo "1697"]
[PlyCount "35"]
[EventDate "2019.??.??"]

1. e4 c5 2. Nf3 Nc6 3. d4 cxd4 4. Nxd4 Nxd4 5. Qxd4 d6 6. Bc4 e6 7. Nc3 a6 8.
a3 Bd7 9. O-O Nf6 10. h3 Be7 11. Be3 O-O 12. f4 Rc8 13. Ba2 Qc7 14. Rad1 Rfd8
15. Qb6 Qc6 16. Qd4 Qc7 17. Qb6 Qc6 18. Qd4 1/2-1/2

[Event "32. Kieler Open 2019 B-Open"]
[Site "Kiel"]
[Date "2019.07.27"]
[Round "1.13"]
[White "Jarosch, Wolfram"]
[Black "Kaminski, Thorsten"]
[Result "1-0"]
[Annotator "MB"]
[WhiteElo "1691"]
[BlackElo "1401"]
[PlyCount "65"]
[EventDate "2019.??.??"]

1. e4 e6 2. d4 d5 3. Nc3 dxe4 4. Nxe4 Nf6 5. Nxf6+ Qxf6 6. Nf3 Bb4+ 7. c3 Bd6
8. Bd3 Qd8 9. Bg5 Be7 10. Bf4 Nd7 11. O-O Nf6 12. Re1 O-O 13. Be5 b6 14. Ng5 h6
15. Qf3 Rb8 16. Ne4 Bb7 17. Qg3 Bxe4 18. Bxe4 Bd6 19. Qd3 Bxe5 20. dxe5 Nxe4
21. Qxe4 Qg5 22. Qc6 Rfd8 23. Qxc7 Rbc8 24. Qxa7 Rd2 25. Qxb6 Rcd8 26. b4 Rb2
27. Reb1 Rbd2 28. Re1 Qh5 29. h3 R8d5 30. a4 Rxe5 31. Qb8+ Kh7 32. Qxe5 Qh4 33.
Qe4+ 1-0

[Event "32. Kieler Open 2019 B-Open"]
[Site "Kiel"]
[Date "2019.07.27"]
[Round "1.14"]
[White "Priemer, Sören Gregor"]
[Black "Priemer, Robert"]
[Result "1/2-1/2"]
[Annotator "MB"]
[WhiteElo "1393"]
[BlackElo "1682"]
[PlyCount "85"]
[EventDate "2019.??.??"]

1. e4 e5 2. Nf3 Nc6 3. d4 exd4 4. Nxd4 Bc5 5. Be3 Bb6 6. Bc4 Nge7 7. O-O d5 8.
exd5 Nxd5 9. Nxc6 bxc6 10. Qf3 Be6 11. Rd1 Bxe3 12. fxe3 Qg5 13. Bxd5 cxd5 14.
Nc3 c6 15. Qf4 Qxf4 16. exf4 O-O 17. h3 f5 18. Na4 Rab8 19. a3 Bc8 20. b4 Re8
21. Nc5 Kf7 22. Re1 Be6 23. Re5 Re7 24. Rae1 Rbe8 25. Nxe6 Rxe6 26. Rxf5+ Kg6
27. Rxe6+ Rxe6 28. Rg5+ Kf6 29. Kf2 Re4 30. Rg3 Rc4 31. c3 a5 32. Rf3 axb4 33.
axb4 d4 34. cxd4 Rxd4 35. g3 Rxb4 36. Rc3 Rb6 37. Ke3 Ke6 38. Ke4 Rb4+ 39. Ke3
Rb6 40. g4 g6 41. h4 h5 42. gxh5 gxh5 43. Kf3 1/2-1/2

[Event "32. Kieler Open 2019 B-Open"]
[Site "Kiel"]
[Date "2019.07.27"]
[Round "1.15"]
[White "Suliga, Eckhard"]
[Black "Brühl, Rainer"]
[Result "1-0"]
[Annotator "MB"]
[WhiteElo "1682"]
[BlackElo "1353"]
[PlyCount "41"]
[EventDate "2019.??.??"]

1. e4 e5 2. Nf3 Nf6 3. Nxe5 d6 4. Nf3 Nxe4 5. d4 d5 6. Bd3 Be7 7. O-O Nc6 8.
Re1 Bg4 9. Bxe4 f5 10. Bd3 O-O 11. Be2 Bd6 12. h3 h6 13. Nc3 Bxf3 14. Bxf3 Bb4
15. a3 Bxc3 16. bxc3 Ne7 17. Rb1 b6 18. Bd2 c6 19. Qe2 Ng6 20. Qe6+ Rf7 21.
Qxg6 1-0

[Event "32. Kieler Open 2019 B-Open"]
[Site "Kiel"]
[Date "2019.07.27"]
[Round "1.16"]
[White "Möller, Rainer"]
[Black "Beyer, Mirko"]
[Result "0-1"]
[Annotator "MB"]
[WhiteElo "1349"]
[BlackElo "1675"]
[PlyCount "69"]
[EventDate "2019.??.??"]

1. e4 e6 2. d4 d5 3. Nc3 Nf6 4. e5 Nfd7 5. Nf3 c5 6. Be2 Qb6 7. b3 cxd4 8. Na4
Qc7 9. Qxd4 Nc6 10. Qb2 Ndxe5 11. Nxe5 Qxe5 12. c3 b5 13. f4 Qe4 14. O-O bxa4
15. Bf3 Bc5+ 16. Kh1 Qg6 17. b4 Bb6 18. c4 Ne7 19. c5 Bc7 20. Bd1 O-O 21. Bxa4
a6 22. Qf2 f6 23. Bc2 Qf7 24. Qh4 Nf5 25. Qf2 g6 26. g4 Ng7 27. Bb2 e5 28. f5
gxf5 29. gxf5 Rb8 30. a3 a5 31. Rab1 axb4 32. Bc1 bxa3 33. Rxb8 Bxb8 34. Bxa3
Rd8 35. Bb3 0-1

[Event "32. Kieler Open 2019 B-Open"]
[Site "Kiel"]
[Date "2019.07.27"]
[Round "1.17"]
[White "Bahr, Arne"]
[Black "Welker, Alexandra"]
[Result "1/2-1/2"]
[Annotator "MB"]
[WhiteElo "1667"]
[BlackElo "1339"]
[PlyCount "92"]
[EventDate "2019.??.??"]

1. f4 d5 2. b3 c5 3. e3 Nc6 4. Bb5 Bd7 5. Nf3 Nf6 6. Bb2 g6 7. O-O Bg7 8. d3
O-O 9. Bxc6 Bxc6 10. Ne5 Qc7 11. Nxc6 Qxc6 12. Qf3 Rac8 13. g4 h6 14. Be5 Nd7
15. Bxg7 Kxg7 16. Nc3 d4 17. Ne2 Qxf3 18. Rxf3 e5 19. e4 f6 20. a4 a5 21. Raf1
Rce8 22. R3f2 b6 23. Kg2 g5 24. fxg5 fxg5 25. Rxf8 Rxf8 26. Rxf8 Kxf8 27. Ng3
Kf7 28. Nf5 Kg6 29. Ne7+ Kf6 30. Nf5 Kg6 31. Kf3 h5 32. gxh5+ Kxh5 33. Kg3 g4
34. Nd6 Kg5 35. Nc4 Kh5 36. h3 gxh3 37. Kxh3 Kg5 38. Kg3 Kh5 39. Kf3 Kg5 40.
Ke2 Kf4 41. Kd2 Kf3 42. Kd1 Kf2 43. c3 Kf1 44. cxd4 cxd4 45. Kd2 Kf2 46. Kd1
Kf1 1/2-1/2

[Event "32. Kieler Open 2019 B-Open"]
[Site "Kiel"]
[Date "2019.07.27"]
[Round "1.18"]
[White "Wentzel, Martin"]
[Black "Kathage, Holger"]
[Result "0-1"]
[Annotator "MB"]
[WhiteElo "1335"]
[BlackElo "1662"]
[PlyCount "70"]
[EventDate "2019.??.??"]

1. e4 c5 2. Nc3 e6 3. Nf3 d6 4. Bc4 a6 5. a3 Qc7 6. h3 Nf6 7. O-O b5 8. Ba2 b4
9. axb4 cxb4 10. Ne2 Nxe4 11. d3 Nf6 12. Re1 Be7 13. Bd2 Nc6 14. c3 d5 15. Rc1
Qb7 16. Bb3 Bd7 17. c4 dxc4 18. Bxc4 O-O 19. Ng3 Bd6 20. Nf1 a5 21. b3 h6 22.
d4 Nd5 23. Bxd5 exd5 24. Ne3 Ne7 25. g4 a4 26. Rb1 a3 27. Nc2 Ng6 28. Be3 Rfc8
29. Qd2 Rc3 30. Na1 Rac8 31. Rec1 Bb5 32. Ne1 Qe7 33. Nac2 Qf6 34. Ra1 Nf4 35.
Rd1 Nxh3+ 0-1

[Event "32. Kieler Open 2019 B-Open"]
[Site "Kiel"]
[Date "2019.07.27"]
[Round "1.19"]
[White "Zechel, Rolf-Rüdiger"]
[Black "Stolzenwald, Frank"]
[Result "1/2-1/2"]
[Annotator "MB"]
[WhiteElo "1651"]
[BlackElo "1307"]
[PlyCount "54"]
[EventDate "2019.??.??"]

1. d4 f5 2. Bg5 h6 3. Bh4 g5 4. Bg3 d6 5. e3 Nf6 6. Bd3 Bg7 7. Nd2 Nbd7 8. Bxf5
O-O 9. h4 Nb6 10. Bxc8 Qxc8 11. hxg5 hxg5 12. Qe2 Qg4 13. O-O-O d5 14. Ngf3 Ne4
15. Bxc7 Nxd2 16. Qxd2 Qxg2 17. Ne5 Rxf2 18. Qd3 Qe4 19. Qxe4 dxe4 20. Rhg1 Rc8
21. Bxb6 Rcxc2+ 22. Kb1 Rxb2+ 23. Ka1 Rxa2+ 24. Kb1 Rab2+ 25. Ka1 Ra2+ 26. Kb1
Rab2+ 27. Ka1 Ra2+ 1/2-1/2

[Event "32. Kieler Open 2019 B-Open"]
[Site "Kiel"]
[Date "2019.07.27"]
[Round "1.20"]
[White "Klich, Mirko"]
[Black "Bendixen, Matthes"]
[Result "0-1"]
[Annotator "MB"]
[WhiteElo "1294"]
[BlackElo "1645"]
[PlyCount "64"]
[EventDate "2019.??.??"]

1. d4 Nf6 2. Bf4 e6 3. e3 b6 4. Nd2 Bb7 5. Ngf3 Nc6 6. c3 Be7 7. Bd3 Nh5 8. Bg3
Nxg3 9. hxg3 h6 10. Qe2 a5 11. a4 O-O 12. O-O-O Rc8 13. Rh2 Nb8 14. Rdh1 d6 15.
Rxh6 gxh6 16. Ne5 Kg7 17. Qg4+ Bg5 18. Rxh6 Kxh6 19. Qh3+ Kg7 20. Qh7+ Kf6 21.
Nxf7 Rxf7 22. Qg6+ Ke7 23. Qxg5+ Kd7 24. Qg4 Qf6 25. Ne4 Bxe4 26. Bxe4 Rh8 27.
f4 c6 28. d5 cxd5 29. Bxd5 Qf5 30. Qxf5 Rxf5 31. e4 Rxd5 32. exd5 Rg8 0-1

[Event "32. Kieler Open 2019 B-Open"]
[Site "Kiel"]
[Date "2019.07.27"]
[Round "1.21"]
[White "Turp, Hüseyin"]
[Black "Salwasser, Andrej"]
[Result "0-1"]
[Annotator "MB"]
[WhiteElo "1620"]
[BlackElo "1287"]
[PlyCount "92"]
[EventDate "2019.??.??"]

1. d4 d5 2. Bf4 Bf5 3. e3 a6 4. Be2 Nf6 5. Nd2 h6 6. Ngf3 e6 7. Ne5 Nbd7 8.
Ndf3 Bd6 9. c3 O-O 10. h3 Ne4 11. Bd3 f6 12. Nxd7 Qxd7 13. Qc2 Bxf4 14. exf4
Rfe8 15. g4 Bh7 16. O-O-O Qd6 17. Kb1 Qxf4 18. Nh2 Qxf2 19. Rde1 Qxc2+ 20. Kxc2
Nf2 21. Bxh7+ Kxh7 22. Rhf1 Nxh3 23. Rf3 Ng5 24. Rfe3 Re7 25. Kd3 b5 26. Nf1
Rc8 27. Ng3 g6 28. b4 Rf8 29. a4 f5 30. gxf5 gxf5 31. Nh5 Ne4 32. Nf4 Rg8 33.
axb5 axb5 34. R1e2 Ra8 35. Rb2 Ra3 36. Kc2 c6 37. Rh3 Nd6 38. Kd3 Ne4 39. Kc2
Rg7 40. Ne2 Rg2 41. Kb1 Rxe2 42. Rxe2 Nxc3+ 43. Rxc3 Rxc3 44. Rxe6 Rb3+ 45. Kc1
Rxb4 46. Rxc6 Rc4+ 0-1

[Event "32. Kieler Open 2019 B-Open"]
[Site "Kiel"]
[Date "2019.07.27"]
[Round "1.22"]
[White "Astaev, Tobias"]
[Black "Ehrich, Dieter"]
[Result "0-1"]
[Annotator "MB"]
[WhiteElo "1202"]
[BlackElo "1612"]
[PlyCount "78"]
[EventDate "2019.??.??"]

1. d4 c5 2. Nf3 e6 3. Bf4 Nf6 4. e3 d5 5. c4 cxd4 6. exd4 b6 7. Nc3 Bb7 8. Qb3
dxc4 9. Bxc4 Be7 10. O-O O-O 11. Qc2 Bxf3 12. gxf3 Qxd4 13. Ne2 Qc5 14. Be3 Qh5
15. Kg2 Nc6 16. Nf4 Qh4 17. Bxe6 Ne5 18. Qb3 Kh8 19. Bd4 Qxf4 20. Bxe5 Qxe5 21.
Rfe1 Qh5 22. Bc4 Bd6 23. Rh1 Rae8 24. Bxf7 Qxf7 25. Qxf7 Rxf7 26. Rhd1 Bc5 27.
Rd2 Rd7 28. Rxd7 Nxd7 29. h3 h6 30. b3 Re2 31. a4 Rxf2+ 32. Kg3 Rb2 33. Rd1 Nf6
34. Rd3 Nh5+ 35. Kg4 g6 36. Rd8+ Kg7 37. Rd7+ Kf6 38. Rxa7 Rg2+ 39. Kh4 Bf2#
0-1

[Event "32. Kieler Open 2019 B-Open"]
[Site "Kiel"]
[Date "2019.07.27"]
[Round "1.23"]
[White "Johlke, Lorenz"]
[Black "Wellßow, Lio Keanu"]
[Result "1-0"]
[Annotator "MB"]
[WhiteElo "1602"]
[BlackElo "1184"]
[PlyCount "41"]
[EventDate "2019.??.??"]

1. e4 e5 2. f4 Nc6 3. Nf3 exf4 4. d4 Bb4+ 5. c3 Be7 6. Bxf4 Nf6 7. Nbd2 d5 8.
Bd3 O-O 9. e5 Nh5 10. Be3 g6 11. Qe2 Bg4 12. O-O-O Bg5 13. Bxg5 Bxf3 14. Nxf3
f6 15. exf6 Nxf6 16. Ne5 Re8 17. Nxc6 bxc6 18. Qf3 Rf8 19. Rhf1 Nd7 20. Bxd8
Rxf3 21. Rxf3 1-0

[Event "32. Kieler Open 2019 B-Open"]
[Site "Kiel"]
[Date "2019.07.27"]
[Round "1.24"]
[White "Sari, Onur"]
[Black "Noreisch, Reiner"]
[Result "0-1"]
[Annotator "MB"]
[WhiteElo "1162"]
[BlackElo "1602"]
[PlyCount "118"]
[EventDate "2019.??.??"]

1. d4 g6 2. c4 Bg7 3. e3 c5 4. Nf3 Nf6 5. Nc3 Qa5 6. Bd2 O-O 7. Be2 e6 8. b3 a6
9. Ne4 Qc7 10. Nxc5 d6 11. Na4 Nc6 12. Bc3 Rb8 13. O-O b5 14. Nb2 Ne4 15. Qc2
Nxc3 16. Qxc3 e5 17. d5 e4 18. Nd4 Nxd4 19. exd4 bxc4 20. Nxc4 Bb7 21. Rad1
Bxd5 22. f3 f5 23. Qa5 Qxa5 24. Nxa5 Rb4 25. Nc4 exf3 26. gxf3 Re8 27. Rf2 Re6
28. Bf1 g5 29. f4 g4 30. Re2 Bxc4 31. bxc4 Rxe2 32. Bxe2 Rb2 33. Bd3 Bxd4+ 34.
Kh1 Rf2 35. Bxf5 Rxf4 36. Kg2 Be5 37. Be6+ Kg7 38. h3 h5 39. hxg4 hxg4 40. Rd5
Rxc4 41. Ra5 Rc2+ 42. Kf1 g3 43. Bh3 Rf2+ 44. Kg1 Kf7 45. Rxa6 Kf6 46. a4 Ra2
47. a5 Bd4+ 48. Kf1 Ke5 49. Ra8 Rf2+ 50. Ke1 g2 51. Rg8 Rf1+ 52. Ke2 g1=Q 53.
Re8+ Kd5 54. Bxf1 Qg4+ 55. Ke1 Bc3+ 56. Kf2 Qh4+ 57. Ke3 Qg5+ 58. Kf2 Bxa5 59.
Bg2+ Kc5 0-1

[Event "32. Kieler Open 2019 B-Open"]
[Site "Kiel"]
[Date "2019.07.27"]
[Round "1.25"]
[White "Kageler, Anton Paul"]
[Black "Friedrich, Heike"]
[Result "1-0"]
[Annotator "MB"]
[WhiteElo "1601"]
[BlackElo "1155"]
[PlyCount "91"]
[EventDate "2019.??.??"]

1. e4 e5 2. Nf3 Nc6 3. Bb5 Nf6 4. d3 Bc5 5. O-O O-O 6. c3 d6 7. Re1 Bd7 8. Nbd2
a6 9. Ba4 b5 10. Bb3 Re8 11. Nf1 Ng4 12. d4 exd4 13. cxd4 Nxd4 14. Nxd4 Qf6 15.
Be3 Rxe4 16. Qf3 Qxf3 17. gxf3 Rxd4 18. Bxd4 Bxd4 19. fxg4 Bxg4 20. Re4 Bxb2
21. Rae1 Be6 22. Bxe6 fxe6 23. Rxe6 Be5 24. Re7 Rc8 25. Rc1 c5 26. Ra7 Rc6 27.
Ne3 Bf4 28. Nf5 Bg5 29. Ne7+ Bxe7 30. Rxe7 c4 31. a3 d5 32. Re5 Rg6+ 33. Kf1
Rh6 34. Rxd5 Rxh2 35. Kg1 Rh3 36. a4 Rb3 37. axb5 axb5 38. Rd7 Kf8 39. Ra1 Ke8
40. Rxg7 Rd3 41. Ra8+ Rd8 42. Rg8+ Ke7 43. Rgxd8 Ke6 44. Rab8 Ke7 45. Rd1 c3
46. Rxb5 1-0

[Event "32. Kieler Open 2019 B-Open"]
[Site "Kiel"]
[Date "2019.07.27"]
[Round "1.26"]
[White "Malinowsky, Celina"]
[Black "Wirtjes, Edzard"]
[Result "0-1"]
[Annotator "MB"]
[WhiteElo "1109"]
[BlackElo "1601"]
[PlyCount "150"]
[EventDate "2019.??.??"]

1. e4 c5 2. Nc3 d6 3. Bc4 Nf6 4. d3 g6 5. f4 Nc6 6. Nf3 Bg7 7. O-O O-O 8. Qe1
Na5 9. Bb3 Nxb3 10. axb3 Nd7 11. Qg3 e6 12. f5 Ne5 13. Qh3 Nxf3+ 14. Rxf3 exf5
15. exf5 Bxf5 16. Qg3 Be6 17. Ra4 d5 18. Qh4 Qxh4 19. Rxh4 h5 20. Nb5 Bg4 21.
Rf1 a6 22. h3 Bxh3 23. Nc7 Bxg2 24. Kxg2 Rad8 25. c4 dxc4 26. dxc4 Rd3 27. Rh3
Rxh3 28. Kxh3 Rc8 29. Nd5 Re8 30. Bh6 Bxb2 31. Nf6+ Bxf6 32. Rxf6 Rd8 33. Rf3
Rd7 34. Bg5 f5 35. Re3 Kf7 36. Bh6 b5 37. Rc3 bxc4 38. bxc4 Kf6 39. Be3 Rc7 40.
Rd3 Rc6 41. Rd5 a5 42. Bxc5 Ke6 43. Kg3 a4 44. Kf4 a3 45. Kg5 a2 46. Rd1 Rxc5
47. Rc1 Kf7 48. Ra1 Rxc4 49. Rxa2 Rg4+ 50. Kh6 Kf6 51. Ra6+ Ke5 52. Ra5+ Kf4
53. Ra4+ Kg3 54. Ra3+ Kh4 55. Kg7 f4 56. Kf6 g5 57. Kf5 Rg3 58. Ra2 Kh3 59. Rb2
f3 60. Ke4 g4 61. Kf4 Rg2 62. Rb1 Kh2 63. Rc1 f2 64. Ke3 g3 65. Ke2 Rg1 66.
Rxg1 fxg1=Q 67. Kd3 Qf2 68. Kc4 g2 69. Kb3 g1=Q 70. Ka4 Qgg3 71. Kb5 Qff4 72.
Kc5 Qgg5+ 73. Kc6 Qff6+ 74. Kb7 Qgg7+ 75. Kc8 Qff8# 0-1

[Event "32. Kieler Open 2019 B-Open"]
[Site "Kiel"]
[Date "2019.07.27"]
[Round "1.27"]
[White "Bunke, Mike"]
[Black "Neubert, Conrad"]
[Result "0-1"]
[Annotator "MB"]
[WhiteElo "1597"]
[BlackElo "1094"]
[PlyCount "54"]
[EventDate "2019.??.??"]

1. c4 e6 2. g3 d5 3. cxd5 exd5 4. Bg2 Nf6 5. Nf3 Bd6 6. d3 O-O 7. O-O c6 8. b3
Bf5 9. Bb2 Nbd7 10. Na3 Re8 11. Nc2 h6 12. Re1 Qb6 13. Nd2 Re7 14. e4 Bg4 15.
Bf3 Bxf3 16. Qxf3 Ne5 17. Qe3 Bc5 18. d4 Neg4 19. Qf3 Bb4 20. Nxb4 Qxb4 21.
Rad1 Rae8 22. e5 h5 23. Bc3 Qa3 24. Nf1 Ne4 25. Ne3 Nxc3 26. Nxg4 Nxd1 27. Rxd1
hxg4 0-1

[Event "32. Kieler Open 2019 B-Open"]
[Site "Kiel"]
[Date "2019.07.27"]
[Round "1.28"]
[White "Lauzening, Rene"]
[Black "Kanzmeier, Erwin"]
[Result "0-1"]
[Annotator "MB"]
[WhiteElo "1047"]
[BlackElo "1587"]
[PlyCount "60"]
[EventDate "2019.??.??"]

1. e4 c5 2. Nf3 d6 3. Bc4 e6 4. d4 cxd4 5. Qxd4 Nc6 6. Bb5 Bd7 7. Qc3 Nf6 8.
Bxc6 Bxc6 9. e5 Nd5 10. Qd4 Be7 11. exd6 Bf6 12. Bg5 Bxg5 13. Qxg7 Bf6 14. Qg3
Bxb2 15. c4 Qa5+ 16. Nbd2 Bxa1 17. cxd5 Bxd5 18. O-O Qc3 19. Qf4 Qf6 20. Qa4+
Bc6 21. Ne4 Bxa4 22. Nxf6+ Bxf6 23. Rb1 Bc6 24. g4 Bxf3 25. Rb4 Rc8 26. d7+
Kxd7 27. Rxb7+ Bxb7 28. Kf1 Bf3 29. Ke1 Bg5 30. h4 Rc1# 0-1